[Event "Eastpointe (EDO/1/4)"]
[Site "?"]
[Date "1995.??.??"]
[Round "?"]
[White "Iyer, Krishnan"]
[Black "Williams, Ron"]
[Result "0-1"]
[WhiteElo "1605"]
[BlackElo "1925"]
[PlyCount "74"]
[EventDate "1995.??.??"]

{1/(4)} 1. e4 c5 2. Nf3 Nc6 3. d4 cxd4 4. Nxd4 e6 5. f4 a6 6. a4 Nge7 7. Nf3 d5
8. e5 Nf5 9. g4 Nh4 10. Be3 Nxf3+ 11. Qxf3 d4 12. Bd2 Qb6 13. b3 Bd7 14. Na3
Bxa3 15. Rxa3 Nxe5 16. Qf2 Nc6 17. Bg2 O-O 18. h4 Rac8 19. Be4 Nb4 20. Bc1 Qc5
21. Rh2 Bc6 22. Bd3 Qc3+ 23. Qd2 Bf3 24. Bb2 Qxb2 25. Qxb4 Qc1+ 26. Kf2 Rxc2+
27. Bxc2 Qxc2+ 28. Kxf3 Qxh2 29. Qxd4 Qh3+ 30. Kf2 Qxh4+ 31. Ke3 Rd8 32. Qe4
Qg3+ 33. Ke2 Qxg4+ 34. Ke3 Qg3+ 35. Ke2 Qh2+ 36. Kf3 Qb2 37. Qb4 Rd3+ 0-1

[Event "Eastpointe (EDO/3/9)"]
[Site "?"]
[Date "1995.??.??"]
[Round "?"]
[White "Iyer, Krishnan"]
[Black "Walters, G."]
[Result "0-1"]
[WhiteElo "1605"]
[BlackElo "2780"]
[PlyCount "52"]
[EventDate "1995.??.??"]

{3/(9)} 1. e4 c5 2. Nf3 e6 3. d4 cxd4 4. Nxd4 a6 5. Be3 Nf6 6. Nd2 Qc7 7. c4
Nc6 8. a3 Be7 9. Be2 d5 10. exd5 exd5 11. Nxc6 bxc6 12. cxd5 cxd5 13. Rc1 Qe5
14. Rc2 Bf5 15. Rc3 O-O 16. Nf3 Qd6 17. O-O Ne4 18. Rd3 Rfd8 19. Nd4 Bg6 20. f4
Nc5 21. Rc3 Be4 22. Nf5 Bxf5 23. Bxc5 Qd7 24. Bxe7 Qxe7 25. Bd3 d4 26. Rc1 Qe3+
0-1

[Event "Detroit (MI Action/1/17)"]
[Site "?"]
[Date "1995.??.??"]
[Round "?"]
[White "Iyer, Krishnan"]
[Black "Trice, Shevonne"]
[Result "1-0"]
[WhiteElo "1605"]
[BlackElo "1605"]
[PlyCount "43"]
[EventDate "1995.??.??"]

{1/(17)} 1. e4 e5 2. f4 Nc6 3. Nf3 exf4 4. Bc4 Nf6 5. Nc3 Bc5 6. d4 Bb4 7. Qd3
Bxc3+ 8. bxc3 Qe7 9. O-O Nxe4 10. Re1 d5 11. Bxd5 Bf5 12. Bxe4 O-O 13. Bxf5 Qd6
14. a4 Rae8 15. Ba3 Qd8 16. Bxf8 Rxf8 17. Bxh7+ Kh8 18. Ne5 Nxe5 19. Rxe5 g6
20. Bxg6 fxg6 21. Qxg6 Rg8 22. Rh5# 1-0

[Event "Detroit (WCO/1/10)"]
[Site "?"]
[Date "1995.??.??"]
[Round "?"]
[White "Iyer, Krishnan"]
[Black "Shaw, L."]
[Result "1-0"]
[WhiteElo "1605"]
[BlackElo "1605"]
[PlyCount "53"]
[EventDate "1995.??.??"]

{1/(10)} 1. e4 e5 2. Nf3 d6 3. Bc4 Bg4 4. Nc3 c6 5. O-O Nf6 6. d3 Be7 7. h3 Bh5
8. g4 Nxg4 9. hxg4 Bxg4 10. Kg2 O-O 11. Ne2 Bh4 12. Nxh4 Qxh4 13. Rh1 Qg5 14.
Bxg5 b5 15. Bb3 Nd7 16. Qd2 Nc5 17. Be7 Rfe8 18. Bxd6 Nxb3 19. axb3 Re6 20. Bc5
a6 21. f3 Bxf3+ 22. Kxf3 Rf6+ 23. Ke3 g5 24. Rag1 Rg6 25. Qe1 h6 26. Qf2 Rf8
27. Bxf8 1-0

[Event "Detroit (WCO/4/3)"]
[Site "?"]
[Date "1995.??.??"]
[Round "?"]
[White "Iyer, Krishnan"]
[Black "Schey, Danny"]
[Result "0-1"]
[WhiteElo "1605"]
[BlackElo "1780"]
[PlyCount "28"]
[EventDate "1995.??.??"]

{4/(3)} 1. e4 e5 2. Nf3 Nc6 3. Bb5 f5 4. exf5 e4 5. Bxc6 dxc6 6. Qe2 Qe7 7. Nd4
Nf6 8. g4 c5 9. Nb3 h5 10. g5 Ng4 11. d3 Bxf5 12. h3 Ne5 13. dxe4 Bxe4 14. Qxe4
Nf3+ 0-1

[Event "Eastpointe (EDO/5/14)"]
[Site "?"]
[Date "1995.??.??"]
[Round "?"]
[White "Iyer, Krishnan"]
[Black "Richert, C."]
[Result "1-0"]
[WhiteElo "1605"]
[BlackElo "1605"]
[PlyCount "85"]
[EventDate "1995.??.??"]

{5/(14)} 1. e4 c5 2. Nf3 Nc6 3. c3 Nf6 4. e5 Ng4 5. d4 d5 6. h3 Nh6 7. dxc5 e6
8. b4 b5 9. cxb6 Qxb6 10. Be3 Qb7 11. b5 Ne7 12. g4 g6 13. Nbd2 Bg7 14. c4 dxc4
15. Nxc4 O-O 16. Be2 Qxb5 17. Nd4 Qd7 18. f4 Nd5 19. Bd2 Qb7 20. Nd6 Nc3 21.
Bf3 Nxd1 22. Bxb7 Bxb7 23. Nxb7 Nb2 24. Rb1 Nc4 25. Bc1 Rab8 26. Nc6 Rbc8 27.
Ne7+ Kh8 28. Nxc8 Rxc8 29. Ke2 Ng8 30. Kd3 Ne7 31. Rb4 Nb6 32. Nd6 Nc6 33. Rxb6
axb6 34. Nxc8 Nb4+ 35. Kc4 Nxa2 36. Bd2 Bf8 37. Nd6 Kg7 38. Ra1 Bxd6 39. exd6
f5 40. d7 fxg4 41. hxg4 h5 42. gxh5 gxh5 43. d8=Q 1-0

[Event "Detroit (MI Action/6/9)"]
[Site "?"]
[Date "1995.??.??"]
[Round "?"]
[White "Iyer, Krishnan"]
[Black "Peiter, H."]
[Result "0-1"]
[WhiteElo "1605"]
[BlackElo "1605"]
[PlyCount "59"]
[EventDate "1995.??.??"]

{6/(9)} 1. e4 c5 2. Nf3 d6 3. d4 cxd4 4. Nxd4 Nf6 5. Nc3 g6 6. Be2 Bg7 7. Be3
O-O 8. g4 Nc6 9. g5 Nd7 10. Qd2 a6 11. a4 Nc5 12. O-O-O Qa5 13. Nxc6 bxc6 14.
Bxc5 Qxc5 15. Qe3 Qxe3+ 16. fxe3 Bxc3 17. bxc3 Rb8 18. Bc4 Be6 19. Bxa6 Ra8 20.
Bb7 Rxa4 21. Bxc6 Rc4 22. Bd5 Rxc3 23. Kd2 Rfc8 24. Rc1 Kg7 25. h4 Bd7 26. Bb7
R8c7 27. Ba6 R7c5 28. Bd3 Bc6 29. h5 gxh5 30. Rxh5 0-1

[Event "East Lansing (Class C/5/9)"]
[Site "?"]
[Date "1995.??.??"]
[Round "?"]
[White "Iyer, Krishnan"]
[Black "Mihelich, John"]
[Result "1-0"]
[WhiteElo "1605"]
[BlackElo "1605"]
[PlyCount "97"]
[EventDate "1995.??.??"]

{5/(9)} 1. d4 d5 2. c4 e6 3. Nc3 Nf6 4. e3 Bb4 5. c5 Bxc3+ 6. bxc3 c6 7. Be2
Nbd7 8. Qc2 e5 9. f3 e4 10. f4 Nf8 11. c4 Ng6 12. cxd5 cxd5 13. Rb1 O-O 14. h3
Nh4 15. g4 Ng2+ 16. Kf2 Nh4 17. Bf1 Re8 18. Bb5 Re7 19. Ne2 Rc7 20. Bd2 b6 21.
c6 a6 22. Ba4 Nd7 23. Nc3 Nf6 24. Rxb6 Bxg4 25. hxg4 Nxg4+ 26. Kg3 Nf3 27. Kxg4
Qf6 28. Rh5 Qg6+ 29. Rg5 Nxg5 30. fxg5 h6 31. Qd1 f5+ 32. Kh3 hxg5 33. Nxd5
Qh6+ 34. Kg2 Kf7 35. Qh1 Qxh1+ 36. Kxh1 Rh8+ 37. Kg2 Rcc8 38. Rb7+ Ke6 39. Bb3
Rxc6 40. Re7+ Kd6 41. Bb4+ Rc5 42. Bxc5+ Kc6 43. Bc4 Rc8 44. Bxa6 f4 45. Bxc8
f3+ 46. Kf2 Kb5 47. Rxg7 Kc4 48. Rxg5 Kd3 49. Ba6+ 1-0

[Event "East Lansing (Class C/2/2)"]
[Site "?"]
[Date "1995.??.??"]
[Round "?"]
[White "Iyer, Krishnan"]
[Black "Kane, Paul"]
[Result "1/2-1/2"]
[WhiteElo "1605"]
[BlackElo "1605"]
[PlyCount "68"]
[EventDate "1995.??.??"]

{2/(2)} 1. d4 d5 2. Nf3 Nf6 3. e3 Bf5 4. c4 c6 5. Nc3 e6 6. Nh4 Bg4 7. f3 Bh5
8. g3 Be7 9. Ng2 O-O 10. Nf4 Nbd7 11. Nxh5 Nxh5 12. cxd5 cxd5 13. Bd3 a6 14. a4
Bb4 15. O-O Rc8 16. Bd2 Qa5 17. Rc1 Nhf6 18. Nb1 e5 19. b3 e4 20. Be2 Rfe8 21.
f4 Nf8 22. Qe1 Bxd2 23. Qxd2 Qxd2 24. Nxd2 Ne6 25. Kf2 Kf8 26. b4 Ke7 27. Nb3
Rc7 28. Rxc7+ Nxc7 29. Nc5 Rb8 30. h3 Nd7 31. Rc1 Kd8 32. a5 b5 33. g4 Kc8 34.
g5 Ne6 1/2-1/2

[Event "Gaylord (NMO/3/10)"]
[Site "?"]
[Date "1995.??.??"]
[Round "?"]
[White "Iyer, Krishnan"]
[Black "Johnston, R."]
[Result "1/2-1/2"]
[WhiteElo "1605"]
[BlackElo "1725"]
[PlyCount "124"]
[EventDate "1995.??.??"]

{3/(10)} 1. e4 c5 2. Nf3 d6 3. d4 cxd4 4. Nxd4 Nf6 5. Nc3 a6 6. Be2 Nc6 7. a4
Bd7 8. g4 Qb6 9. Nb3 Na5 10. g5 Nxb3 11. cxb3 Ng8 12. Nd5 Qd8 13. Be3 e6 14.
Bb6 Qxg5 15. Nc7+ Ke7 16. Nxa8 Nf6 17. Be3 Qa5+ 18. Kf1 Nxe4 19. Nb6 Bc6 20. f3
Qf5 21. Rc1 Qh3+ 22. Kg1 h5 23. Rxc6 bxc6 24. fxe4 Qxe3+ 25. Kf1 Qxb6 26. Bxh5
g6 27. Be2 Rh6 28. Bc4 d5 29. exd5 cxd5 30. Qg4 Rh5 31. Be2 Qxb3 32. Qd4 Qh3+
33. Ke1 Qh4+ 34. Qxh4+ Rxh4 35. b3 a5 36. Kf2 Rb4 37. Bd1 f5 38. h3 Kd6 39. Rf1
e5 40. Kg3 Bh6 41. Rf3 e4 42. Rc3 f4+ 43. Kf2 d4 44. Rc8 Rb7 45. Ra8 Rf7 46.
Ra6+ Ke7 47. Ra7+ Kf8 48. Rxf7+ Kxf7 49. Ke2 e3 50. Kd3 Bg7 51. Bf3 Ke6 52.
Bg4+ Ke5 53. Bf3 Bf6 54. Bg2 Bh4 55. Bf3 g5 56. Be2 Be1 57. Bg4 Kd5 58. Bf3+
Kc5 59. Bd1 Bc3 60. Ke4 Kb4 61. Kd3 f3 62. Bxf3 Kxb3 {[Only available
scoresheet ends here.]} 1/2-1/2

[Event "Detroit (MI Action/3/10)"]
[Site "?"]
[Date "1995.??.??"]
[Round "?"]
[White "Iyer, Krishnan"]
[Black "Jenkins, C."]
[Result "1-0"]
[WhiteElo "1605"]
[BlackElo "1605"]
[PlyCount "59"]
[EventDate "1995.??.??"]

{3/(10)} 1. e4 e5 2. f4 Nc6 3. Nf3 exf4 4. Bc4 Nf6 5. Nc3 Bb4 6. O-O Bxc3 7.
bxc3 O-O 8. d3 d5 9. exd5 Nxd5 10. Bd2 Na5 11. Bb3 Nxb3 12. cxb3 Qf6 13. Qc1
Bf5 14. Bxf4 Nxc3 15. Re1 Nd5 16. Be5 Qg6 17. Nh4 Qg4 18. Qc4 Qxc4 19. dxc4 Ne7
20. Bxc7 Rac8 21. Rxe7 Bg6 22. Nxg6 fxg6 23. Rf1 Rxf1+ 24. Kxf1 Rf8+ 25. Ke2
Rf6 26. Be5 Rf7 27. Rxf7 Kxf7 28. Bd4 a6 29. Ke3 Ke6 30. Ke4 1-0

[Event "Gaylord (NMO/2/16)"]
[Site "?"]
[Date "1995.??.??"]
[Round "?"]
[White "Iyer, Krishnan"]
[Black "Gatesy, Matthew"]
[Result "1-0"]
[WhiteElo "1605"]
[BlackElo "1605"]
[PlyCount "93"]
[EventDate "1995.??.??"]

{2/(16)} 1. e4 e5 2. Nf3 Nc6 3. Bb5 a6 4. Ba4 Nf6 5. O-O Nxe4 6. Re1 d5 7. d3
Nf6 8. Nxe5 Be7 9. Nxc6 bxc6 10. Bxc6+ Bd7 11. Bxa8 Qxa8 12. Qe2 Be6 13. b3 O-O
14. Ba3 Bxa3 15. Nxa3 d4 16. f3 Qd5 17. Nc4 Qg5 18. Qe5 Qg6 19. Qxd4 Bh3 20.
Qf2 Nd5 21. Qg3 Qf5 22. Qxh3 Qf6 23. Re5 Nf4 24. Qf5 Qh4 25. g3 Ne2+ 26. Rxe2
Qd4+ 27. Kg2 Qxa1 28. a4 Qd1 29. Qe5 Qc1 30. Qxc7 Qh6 31. Qe7 Qc6 32. Qe4 Qd7
33. f4 h6 34. Nd2 Rc8 35. Nf3 g6 36. Ne5 Qa7 37. Nxg6 fxg6 38. Qe6+ Kf8 39.
Qxc8+ Kf7 40. Qe6+ Kf8 41. Qe8+ Kg7 42. Re7+ Qxe7 43. Qxe7+ Kg8 44. d4 g5 45.
d5 gxf4 46. gxf4 h5 47. d6 1-0

[Event "East Lansing (Class C/4/9)"]
[Site "?"]
[Date "1995.??.??"]
[Round "?"]
[White "Iyer, Krishnan"]
[Black "Cooper, Willie"]
[Result "1/2-1/2"]
[WhiteElo "1605"]
[BlackElo "1605"]
[PlyCount "99"]
[EventDate "1995.??.??"]

{4/(9)} 1. e4 c5 2. Nf3 Nc6 3. c3 Nf6 4. e5 Ng4 5. d4 cxd4 6. cxd4 g6 7. Bc4 d6
8. h3 Nh6 9. Nc3 Bg7 10. O-O O-O 11. Re1 dxe5 12. dxe5 Qxd1 13. Rxd1 Rd8 14.
Rxd8+ Nxd8 15. Bg5 Nc6 16. Nd5 e6 17. Ne7+ Nxe7 18. Bxe7 Nf5 19. Bf6 b6 20. Rd1
Bb7 21. Bxg7 Bxf3 22. gxf3 Nxg7 23. Rd7 Nh5 24. Bd3 Nf4 25. Be4 Rc8 26. Kh2 a5
27. Rd4 Rc5 28. Rd8+ Kg7 29. Rb8 b5 30. Kg3 Ne2+ 31. Kg4 Rxe5 32. Bd3 h5+ 33.
Kh4 Nd4 34. Kg3 b4 35. Rd8 Ne2+ 36. Bxe2 Rxe2 37. Ra8 g5 38. Rxa5 Kf6 39. b3
Rb2 40. Kg2 e5 41. Ra6+ Kf5 42. Ra4 f6 43. Rxb4 Rxa2 44. Rb6 Rb2 45. b4 e4 46.
fxe4+ Kxe4 47. Rxf6 Rxb4 48. Rh6 h4 49. Rf6 Ke5 50. Rf8 1/2-1/2

[Event "Eastpointe (MCO/4/20)"]
[Site "?"]
[Date "1995.??.??"]
[Round "?"]
[White "Iverson, B."]
[Black "Moody, David"]
[Result "0-1"]
[WhiteElo "1605"]
[BlackElo "2000"]
[PlyCount "68"]
[EventDate "1995.??.??"]

{4/(20)} 1. d4 Nf6 2. Bg5 Ne4 3. Bf4 g5 4. Bg3 Nxg3 5. hxg3 Bg7 6. e4 c5 7. c3
Qb6 8. Qc2 cxd4 9. cxd4 Nc6 10. Ne2 Nxd4 11. Nxd4 Bxd4 12. Nc3 Qc6 13. Bd3
Bxc3+ 14. bxc3 e5 15. Rb1 a6 16. O-O h5 17. f3 h4 18. gxh4 Rxh4 19. g3 Rh3 20.
Kg2 Qh6 21. Rh1 d6 22. g4 Rh4 23. Qb3 Qf6 24. Rxh4 gxh4 25. Qb6 h3+ 26. Kf2
Bxg4 27. Be2 Qh4+ 28. Ke3 Rc8 29. c4 h2 30. Qxd6 Qg5+ 31. Kf2 Bh3 32. c5 Qg2+
33. Ke3 Qg1+ 34. Kd2 Rd8 0-1

[Event "Eastpointe (MCO/1/8)"]
[Site "?"]
[Date "1995.??.??"]
[Round "?"]
[White "Iverson, B."]
[Black "Koster, Ed"]
[Result "0-1"]
[WhiteElo "1605"]
[BlackElo "2105"]
[PlyCount "80"]
[EventDate "1995.??.??"]

{1/(8)} 1. d4 Nf6 2. Bg5 d5 3. Bxf6 gxf6 4. e3 c5 5. c3 Qb6 6. Qc2 Nc6 7. Nf3
Bg4 8. Nbd2 e6 9. h3 Bh5 10. Rb1 Rc8 11. Bd3 Bg6 12. Bxg6 hxg6 13. Nh2 cxd4 14.
exd4 Nxd4 15. Qd3 Nc6 16. O-O Ne5 17. Qe2 Bd6 18. Nhf3 Nxf3+ 19. Qxf3 f5 20.
Rfe1 O-O 21. Qe2 Kg7 22. Nf3 Rh8 23. Qd2 Rh5 24. b3 Be7 25. Kh2 Qc7+ 26. g3
Qxc3 27. Qxc3+ Rxc3 28. Kg2 Rh8 29. Nd4 a6 30. Ne2 Rc2 31. Nf4 Bf6 32. Re2 Rxe2
33. Nxe2 Rc8 34. Rc1 Rxc1 35. Nxc1 e5 36. f3 e4 37. Kf2 d4 38. fxe4 fxe4 39. h4
d3 40. Ke3 Bc3 0-1

[Event "Eastpointe (MCO/6/25)"]
[Site "?"]
[Date "1995.??.??"]
[Round "?"]
[White "Iverson, B."]
[Black "Gilsinger, J."]
[Result "1-0"]
[WhiteElo "1605"]
[BlackElo "1605"]
[PlyCount "99"]
[EventDate "1995.??.??"]

{6/(25)} 1. d4 g6 2. c4 Bg7 3. Nc3 c5 4. d5 d6 5. e4 Bxc3+ 6. bxc3 Qa5 7. Qc2
Nd7 8. Nf3 Ngf6 9. Bd3 O-O 10. h3 Re8 11. O-O e5 12. g4 a6 13. Bh6 b5 14. Nd2
Rb8 15. Bg5 Qd8 16. Rfb1 bxc4 17. Nxc4 Rxb1+ 18. Rxb1 Qc7 19. Qa4 Kg7 20. Bxf6+
Kxf6 21. Qd1 Kg7 22. Ne3 Qa5 23. Qd2 Qd8 24. Nc4 Qc7 25. Kg2 Bb7 26. Rxb7 Qxb7
27. Nxd6 Qa8 28. Nxe8+ Qxe8 29. Bxa6 Qb8 30. Qc2 Qb6 31. Bc4 Nf6 32. Bb3 Qa6
33. c4 h5 34. g5 Nh7 35. h4 f6 36. Qc3 fxg5 37. Qxe5+ Qf6 38. Qxf6+ Kxf6 39.
hxg5+ Nxg5 40. f3 h4 41. Bd1 Nf7 42. f4 Ke7 43. e5 Kd8 44. Kh3 Ke8 45. Ba4+ Ke7
46. Bb5 g5 47. fxg5 Nxg5+ 48. Kxh4 Ne4 49. a4 Nc3 50. Bc6 1-0

[Event "East Lansing (Class C/4/4)"]
[Site "?"]
[Date "1995.??.??"]
[Round "?"]
[White "Ingles, Darrell"]
[Black "Spencer, Gordon"]
[Result "0-1"]
[WhiteElo "1605"]
[BlackElo "1605"]
[PlyCount "116"]
[EventDate "1995.??.??"]

{4/(4)} 1. e4 c5 2. Nf3 e6 3. Bb5 a6 4. Be2 Be7 5. d3 d6 6. c3 Nf6 7. O-O O-O
8. h3 Nc6 9. Bg5 e5 10. Nbd2 b5 11. a4 Be6 12. axb5 axb5 13. d4 c4 14. Rxa8
Qxa8 15. d5 Bxd5 16. exd5 Nxd5 17. Bxe7 Ncxe7 18. Nh4 Nb6 19. Bf3 d5 20. b3 Qa2
21. bxc4 bxc4 22. Re1 f6 23. g3 Ra8 24. Re2 Qa1 25. Qxa1 Rxa1+ 26. Nf1 Rc1 27.
Rb2 Na4 28. Rb7 Kf8 29. Bg4 Rxc3 30. Be6 Rb3 31. Rd7 Ke8 32. Ra7 Nb6 33. Nf5
Nxf5 34. Bxf5 g6 35. Be6 c3 36. Ne3 Rb1+ 37. Kg2 d4 38. Nd5 Nxd5 39. Bxd5 c2
40. Rc7 c1=Q 41. Rxc1 Rxc1 42. h4 d3 43. Kf3 d2 44. Bb3 d1=Q+ 45. Bxd1 Rxd1 46.
Kg4 Ke7 47. Kf3 Re1 48. Kg2 Ke6 49. Kf3 Kd5 50. g4 Kd4 51. g5 f5 52. Kg3 Kd3
53. Kh3 Rf1 54. h5 Kd2 55. hxg6 hxg6 56. Kg2 Ke2 57. Kg3 Rxf2 58. Kh3 Kf3 0-1

[Event "East Lansing (Class C/2/5)"]
[Site "?"]
[Date "1995.??.??"]
[Round "?"]
[White "Ingles, Darrell"]
[Black "Ashton, Jeff"]
[Result "1/2-1/2"]
[WhiteElo "1605"]
[BlackElo "1605"]
[PlyCount "116"]
[EventDate "1995.??.??"]

{2/(5)} 1. e4 c5 2. Nf3 Nc6 3. Bb5 g6 4. Bxc6 bxc6 5. O-O Bg7 6. d3 d6 7. Re1
Be6 8. h3 Rb8 9. c3 Nf6 10. e5 Nd5 11. Qa4 Qb6 12. exd6 exd6 13. Ng5 O-O 14.
Nxe6 fxe6 15. Rxe6 Be5 16. Bh6 Qxb2 17. Rxe5 dxe5 18. Qxc6 Qxf2+ 19. Kh2 Rfd8
20. Qe6+ Qf7 21. Qxe5 Qc7 22. Qxc7 Nxc7 23. Nd2 Rxd3 24. Ne4 c4 25. Rf1 Nd5 26.
Re1 Nxc3 27. Nxc3 Rxc3 28. Re7 Ra3 29. Rg7+ Kh8 30. Rc7 Rxa2 31. Rxc4 a5 32.
Rc7 Ra8 33. Bg5 Rf2 34. Be3 Rf1 35. Bd4+ Kg8 36. Rg7+ Kf8 37. Rxh7 Rd8 38. Bc5+
Kg8 39. Ra7 Rd5 40. Rxa5 Rff5 41. Ra8+ Kh7 42. Ra7+ Kh6 43. Be3+ g5 44. h4 Kg6
45. Bxg5 Rxg5 46. hxg5 Kxg5 47. Kh3 Rd3+ 48. g3 Rd1 49. Ra5+ Kg6 50. Kh4 Rd4+
51. g4 Rd6 52. Re5 Kg7 53. Rg5+ Kh6 54. Rg8 Rd4 55. Rf8 Kg6 56. Rg8+ Kh6 57.
Rg5 Kh7 58. Re5 Kg6 1/2-1/2

[Event "Grand Rapids (MI Am/2/40)"]
[Site "?"]
[Date "1995.??.??"]
[Round "?"]
[White "Husak, J."]
[Black "Stacey, William"]
[Result "0-1"]
[WhiteElo "1605"]
[BlackElo "1605"]
[PlyCount "72"]
[EventDate "1995.??.??"]

{2/(40)} 1. e4 e5 2. Nf3 Nc6 3. Bb5 Nge7 4. O-O a6 5. Be2 d5 6. exd5 Nxd5 7. d4
exd4 8. Nxd4 Bd7 9. Bf3 Nf6 10. Nxc6 Bxc6 11. Bxc6+ bxc6 12. Re1+ Be7 13. Bg5
Qxd1 14. Rxd1 O-O 15. Nc3 h6 16. Bxf6 Bxf6 17. Rd7 Be5 18. Rd3 Rfe8 19. g3 Rab8
20. Re1 f6 21. Re2 Rxb2 22. f4 Bxc3 23. Rxe8+ Kf7 24. Ree3 Ba5 25. Kf1 Rxc2 26.
Re2 Rc1+ 27. Kg2 Bb6 28. Rd7+ Kg6 29. Ree7 Rc2+ 30. Kh3 Rxa2 31. Rxg7+ Kf5 32.
Rd8 Bg1 33. g4+ Kxf4 34. Rd4+ Bxd4 35. g5 Bg1 36. gxh6 Rxh2# 0-1

[Event "Grand Rapids (MI Am/3/37)"]
[Site "?"]
[Date "1995.??.??"]
[Round "?"]
[White "Husak, J."]
[Black "Smalec, Joseph"]
[Result "0-1"]
[WhiteElo "1605"]
[BlackElo "1605"]
[PlyCount "80"]
[EventDate "1995.??.??"]

{3/(37)} 1. e4 c5 2. Nc3 Nc6 3. b3 e5 4. Bb2 Nf6 5. Bb5 a6 6. Bxc6 dxc6 7. Nce2
Bd6 8. d3 b5 9. Qd2 c4 10. c3 Be6 11. Qg5 cxd3 12. Ng3 O-O 13. O-O-O Be7 14.
Qd2 c5 15. Qxd3 Qxd3 16. Rxd3 c4 17. bxc4 Bxc4 18. Rd2 Bxa2 19. Nf5 Bc5 20. Nf3
Nxe4 21. Rf1 Nxd2 22. Kxd2 Bc4 23. Re1 Bxf2 24. Rxe5 Rad8+ 25. N5d4 Bxd4 26.
Nxd4 a5 27. Ba3 b4 28. cxb4 Rxd4+ 29. Ke3 Rd3+ 30. Ke4 Rxa3 31. bxa5 Bd3+ 32.
Kd4 Rd8+ 33. Ke3 f6 34. Re7 Bb5+ 35. Kf4 Rxa5 36. g3 Rd4+ 37. Ke3 Rd8 38. Kf2
Re8 39. Rb7 Re2+ 40. Kg1 Ra1# 0-1

[Event "East Lansing (MOR/4/35)"]
[Site "?"]
[Date "1995.??.??"]
[Round "?"]
[White "Husak, J."]
[Black "Juntunen, Michael"]
[Result "0-1"]
[WhiteElo "1605"]
[BlackElo "1605"]
[PlyCount "40"]
[EventDate "1995.??.??"]

{4/(35)} 1. e4 e5 2. Nf3 d5 3. Nc3 d4 4. Nd5 Bd6 5. Bb5+ c6 6. Ne3 cxb5 7. O-O
dxe3 8. fxe3 Nf6 9. b3 O-O 10. Bb2 Nc6 11. Qe2 Bg4 12. Qxb5 Bxf3 13. gxf3 Qc7
14. Kh1 a6 15. Qe2 Rad8 16. Rg1 Kh8 17. f4 Nxe4 18. fxe5 Bxe5 19. c3 Rxd2 20.
Qg4 Nxc3 0-1

[Event "Grand Rapids (MI Am/4/44)"]
[Site "?"]
[Date "1995.??.??"]
[Round "?"]
[White "Husak, J."]
[Black "Cebula, M."]
[Result "1-0"]
[WhiteElo "1605"]
[BlackElo "1605"]
[PlyCount "61"]
[EventDate "1995.??.??"]

{4/(44)} 1. e4 e5 2. Nf3 Nf6 3. Nc3 Nc6 4. Bb5 Bb4 5. Bxc6 Bxc3 6. Ba4 Ba5 7.
Qe2 O-O 8. O-O d6 9. h3 a6 10. c3 b5 11. Bc2 c5 12. b3 Bb7 13. Bb2 d5 14. exd5
Bxd5 15. Nxe5 Bc7 16. Nf3 Qd7 17. d4 Rfe8 18. Qd1 c4 19. Bc1 Qd6 20. Ne5 Rxe5
21. Bf4 Qe6 22. Bxe5 Bxe5 23. Re1 Re8 24. Rxe5 Qd7 25. Rxe8+ Qxe8 26. bxc4 bxc4
27. Rb1 Ba8 28. Rb2 Qc6 29. d5 Nxd5 30. Rb8+ Qe8 31. Rxe8# 1-0

[Event "East Lansing (MOR/2/17)"]
[Site "?"]
[Date "1995.??.??"]
[Round "?"]
[White "Husak, J."]
[Black "Blanchard, Robert"]
[Result "0-1"]
[WhiteElo "1605"]
[BlackElo "1645"]
[PlyCount "71"]
[EventDate "1995.??.??"]

{2/(17)} 1. e4 c5 2. d3 g6 3. Nc3 Bg7 4. Nf3 Nc6 5. Be2 e6 6. O-O Nge7 7. g3
O-O 8. h3 a6 9. Be3 Nd4 10. e5 Nec6 11. Na4 b6 12. c3 Nxe2+ 13. Qxe2 Bb7 14. b4
cxb4 15. cxb4 b5 16. Bb6 Qc8 17. Nc5 Nxb4 18. Nxb7 Qxb7 19. Bc5 Nc6 20. Bxf8
Rxf8 21. d4 Rd8 22. Rfd1 Ne7 23. h4 Nd5 24. Rac1 Rc8 25. Rxc8+ Qxc8 26. Qd2 Nc3
27. Kg2 Nxd1 28. Qxd1 Qc4 29. Qd2 b4 30. g4 h6 31. g5 h5 32. Qd1 Qxa2 33. Qc1
b3 34. Nd2 a5 35. Nc4 a4 36. Nb2 0-1

[Event "East Lansing (Beg/4/13)"]
[Site "?"]
[Date "1995.??.??"]
[Round "?"]
[White "Howarth, F."]
[Black "Fortino, M."]
[Result "1-0"]
[WhiteElo "1605"]
[BlackElo "1605"]
[PlyCount "120"]
[EventDate "1995.??.??"]

{4/(13)} 1. e4 e5 2. Nf3 d6 3. d3 Nc6 4. Nc3 Be6 5. h3 Be7 6. Be2 Nf6 7. a3 Qd7
8. Qd2 O-O-O 9. O-O Nd4 10. Bd1 Nxf3+ 11. Bxf3 d5 12. d4 exd4 13. Qxd4 dxe4 14.
Qxe4 Nxe4 15. Nxe4 Bc4 16. Rd1 Qf5 17. Be3 Bd5 18. Bg4 Qxg4 19. hxg4 Bxe4 20.
Rd2 Rxd2 21. Bxd2 Bxc2 22. Rc1 Bg6 23. Bf4 Kd8 24. Rd1+ Ke8 25. Bxc7 Bf6 26. f4
Bxb2 27. f5 Bxf5 28. gxf5 Bxa3 29. Rd8+ Ke7 30. Rxh8 Kd7 31. Rd8+ Kxc7 32. Rg8
g6 33. fxg6 hxg6 34. Rg7 b5 35. Rxf7+ Kb6 36. Rf6+ Ka5 37. Rxg6 b4 38. Rg5+ Ka4
39. Rf5 b3 40. g4 b2 41. Rf1 a5 42. g5 Kb4 43. g6 Kb3 44. g7 a4 45. g8=Q+ Kc2
46. Qg6+ Kb3 47. Qb1 Bc5+ 48. Kg2 a3 49. Rf3+ Ka4 50. Qa2 Bb4 51. Qb3+ Kb5 52.
Rf5+ Kc6 53. Qxb4 a2 54. Qxb2 Kc7 55. Qxa2 Kc6 56. Rf1 Kd6 57. Qe2 Kc6 58. Rd1
Kb6 59. Qc2 Kb7 60. Rb1+ Ka7 1-0

[Event "Gaylord (NMO/3/21)"]
[Site "?"]
[Date "1995.??.??"]
[Round "?"]
[White "Hosking, R."]
[Black "Hogarth, Frank"]
[Result "1-0"]
[WhiteElo "1605"]
[BlackElo "1605"]
[PlyCount "53"]
[EventDate "1995.??.??"]

{3/(21)} 1. d4 d5 2. Nf3 Nc6 3. Bf4 Nf6 4. Nbd2 Bf5 5. e3 e6 6. Bb5 Ne4 7. Ne5
Nxf2 8. Kxf2 Qf6 9. Bxc6+ bxc6 10. Nxc6 Qh4+ 11. Bg3 Qh6 12. Rf1 g5 13. Ne5 Bd6
14. c3 Rg8 15. Qa4+ Kf8 16. Kg1 Kg7 17. Rae1 Rgb8 18. b4 Qf6 19. Nd7 Qg6 20.
Nxb8 h5 21. Nd7 h4 22. Bxd6 cxd6 23. Qc6 Rh8 24. Qxd6 g4 25. Ne5 Qh5 26. Rf4 g3
27. h3 1-0

[Event "Lansing (Mini-Swiss.3/1)"]
[Site "?"]
[Date "1995.??.??"]
[Round "?"]
[White "Hosking, R."]
[Black "Evans Sr., Thomas"]
[Result "1-0"]
[WhiteElo "1605"]
[BlackElo "1605"]
[PlyCount "109"]
[EventDate "1995.??.??"]

{3/(1)} 1. d4 d5 2. Nf3 Nf6 3. Bg5 Nbd7 4. Nbd2 h6 5. Bxf6 Nxf6 6. e3 e6 7. Bd3
Bd7 8. O-O Bd6 9. c3 Ng4 10. h3 Nf6 11. Re1 Qe7 12. e4 c6 13. e5 Bc7 14. exf6
Qxf6 15. Ne5 O-O-O 16. Nxd7 Rxd7 17. Nf3 Re8 18. b4 e5 19. Nxe5 Rde7 20. Qg4+
Kb8 21. Nd7+ Rxd7 22. Rxe8+ Rd8 23. Rxd8+ Qxd8 24. Qxg7 a6 25. Qxf7 Qd6 26.
Qg8+ Ka7 27. g3 h5 28. Qg6 Qxg6 29. Bxg6 h4 30. g4 Bd8 31. f4 Bc7 32. f5 Bf4
33. Rf1 Bd2 34. Rf3 Kb8 35. f6 Bh6 36. f7 Bf8 37. Bd3 Kc8 38. Re3 Kd7 39. Bf5+
Kc7 40. Re8 Bd6 41. f8=Q Bxf8 42. Rxf8 Kb6 43. Bd3 a5 44. a3 axb4 45. cxb4 Ka7
46. g5 b5 47. g6 c5 48. dxc5 d4 49. Bxb5 d3 50. Bxd3 Kb7 51. g7 Kc6 52. g8=Q
Kc7 53. Rf6 Kd7 54. Qg7+ Kc8 55. Rf8# 1-0

[Event "Lansing (Mini-Swiss.3/3)"]
[Site "?"]
[Date "1995.??.??"]
[Round "?"]
[White "Hosking, R."]
[Black "Brumley, Ron"]
[Result "0-1"]
[WhiteElo "1605"]
[BlackElo "1605"]
[PlyCount "78"]
[EventDate "1995.??.??"]

{3/(3)} 1. d4 Nf6 2. Nf3 d5 3. Bg5 c5 4. e3 Bg4 5. Nbd2 g6 6. h3 Bxf3 7. Qxf3
Bg7 8. c3 O-O 9. Bd3 Nbd7 10. O-O Qc7 11. Rfe1 cxd4 12. exd4 Rfe8 13. Re2 h6
14. Bxf6 Nxf6 15. Rae1 Qd6 16. Re3 Nd7 17. Qe2 e5 18. dxe5 Rxe5 19. Nf3 Rxe3
20. Qxe3 Nc5 21. Bc2 Ne6 22. Bxg6 d4 23. Nxd4 Nxd4 24. cxd4 fxg6 25. Qb3+ Kh7
26. Qxb7 Rf8 27. Re7 Qxd4 28. Qxa7 Qxb2 29. Kh2 Rxf2 30. Qa8 Qxa2 31. Qxa2 Rxa2
32. h4 h5 33. Kh3 Kg8 34. g3 Bd4 35. Rd7 Bg1 36. g4 hxg4+ 37. Kxg4 Ra4+ 38. Kg5
Ra6 39. Kh6 Be3# 0-1

[Event "Gaylord (NMO/1/14)"]
[Site "?"]
[Date "1995.??.??"]
[Round "?"]
[White "Hosking, R."]
[Black "Blanchard, Robert"]
[Result "0-1"]
[WhiteElo "1605"]
[BlackElo "1660"]
[PlyCount "92"]
[EventDate "1995.??.??"]

{1/(14)} 1. d4 Nf6 2. Nf3 d6 3. Bg5 Nbd7 4. Nbd2 g6 5. e3 Bg7 6. Bd3 O-O 7. O-O
e5 8. dxe5 dxe5 9. e4 Qe7 10. Re1 h6 11. Bxf6 Nxf6 12. Nf1 Nh5 13. h3 Nf4 14.
Re3 Rd8 15. Qe1 Be6 16. Qc3 Rd7 17. Ng3 Rad8 18. Ne2 Rd6 19. Kf1 Rc6 20. Qd2 h5
21. a3 Bc8 22. Rb1 Bh6 23. Qa5 Qf6 24. Nxf4 Bxf4 25. Re2 a6 26. Rbe1 b6 27. Qa4
a5 28. Bb5 Rcd6 29. Bd3 Bh6 30. Qc4 c5 31. b4 cxb4 32. axb4 axb4 33. Qxb4 Bxh3
34. gxh3 Qxf3 35. Re3 Bxe3 36. Rxe3 Qh1+ 37. Ke2 Qa1 38. Qb3 Qd4 39. Ke1 Kg7
40. Rf3 Rf6 41. Rxf6 Kxf6 42. Qb1 Kg7 43. Qc1 Rd6 44. Qg5 Rf6 45. Qg3 b5 46.
Bxb5 Qb4+ 0-1